000 00742cam a2200253 4500500
005 20260405002102.0
041 _afre
042 _adc
100 1 0 _aFleury, Pauline
_eauthor
245 0 0 _aPosition philosophique 1. Ouvrons les frontières
260 _c2015.
500 _a99
690 _aAlain Badiou
690 _aEtienne Balibar
690 _aÉtienne Tassin
690 _aFrançois Héran
690 _aJospeh Carens
690 _aMarc Crépon
690 _aMigrants
690 _aPhil Cole
690 _aréfugiés
786 0 _nPhilosophie magazine | 94 | 11 | 2015-11-01 | p. 13-13 | 1951-1787
856 4 1 _uhttps://shs.cairn.info/magazine-philosophie-magazine-2015-11-page-13?lang=fr&redirect-ssocas=7080
999 _c2054075
_d2054075